| 000 | 00378nam a22001217a 4500 | ||
|---|---|---|---|
| 082 | _a200 THE | ||
| 100 |
_aTehseen Hussain, _970401 |
||
| 245 | _aTH-SOF-1176-DESIGN AND DEVELOPMENT OF Advance NON-INTRUSIVE LOAD MONITORING | ||
| 260 |
_aIslamabad _bNUST College of EME _c2015 |
||
| 650 | _aMS-ELECT-71 MSTHESIS | ||
| 700 |
_aSupervison Dr. Basharat Mehmood _970402 |
||
| 942 | _cCF | ||
| 999 |
_c577382 _d577382 |
||